The poetical works of John Gay /

Saved in:
Bibliographic Details
Main Author: Gay, John, 1685-1732
Other Authors: Underhill, John
Format: Book
Language:English
Published: London : New York : (Edinburgh : Lawrence and Bullen ; Chas. Scribner, T. and A. Constable) 1893 ;
Series:The muses' library.
LEADER 01119nam a2200241 a 4500
001 c000409350
003 CARM
005 00000000000000.0
008 s1893 enk 00000 eng d
019 1 |a 4147930 
040 |a VDU  |c VDU 
082 0 4 |a 820.5 
100 1 |a Gay, John,  |d 1685-1732. 
245 1 4 |a The poetical works of John Gay /  |c edited with a life and notes by John Underhill. 
260 0 |a London :  |b Lawrence and Bullen ;  |a New York :  |b Chas. Scribner,  |c 1893 ;  |a (Edinburgh :  |b T. and A. Constable) 
300 |a 2 v. :  |b front. (port.) ;  |c 17 cm. 
490 0 |a The muses' library. 
505 0 |a Contents. vol.I. Longer poems. Epistles and epistolary verse. Ecologues. vol.II. Translations, prologues and epilogues. Fables. Poems from "Gay's chiar". Miscellaneous pieces. Songs and ballads. 
500 |a Publisher's emblem on both title pages. 
700 1 |a Underhill, John. 
852 8 |b CARM  |h A3:AF08A0  |i A05637  |p 0570902  |f BK 
999 f f |i 18c8d3e6-ff84-5994-9970-37185bccccf1  |s 12d14087-cc43-58a6-8924-3bec152d8358 
952 f f |p Can circulate  |a CAVAL  |b CAVAL  |c CAVAL  |d CARM 1 Store  |e A05637  |f A3:AF08A0  |h Other scheme  |i book  |m 0570902